| 000 | 00589nam a2200193Ia 4500 | ||
|---|---|---|---|
| 999 |
_c7469 _d7469 |
||
| 003 | OSt | ||
| 005 | 20200116095757.0 | ||
| 008 | 190216s9999||||xx |||||||||||||| ||und|| | ||
| 020 | _a9780070680203 | ||
| 040 | _coclc | ||
| 082 |
_a658.15 _bCHA/F |
||
| 100 |
_a Chandra, Prasanna _91069 |
||
| 245 | 0 |
_aFinance Sense : Finance for non-finance executives / _cPrasanna Chandra |
|
| 250 | _a4th ed. | ||
| 260 |
_bTata Mcgraw Hill Publishing Company Ltd, _c2010. _aNew Delhi: |
||
| 300 | _a495p | ||
| 650 | _xManagement | ||
| 942 |
_cBK _2ddc _h658.15 _iCHA/F _k658.15 _mCHA/F |
||